Witamy w Bibliotece Naukowej Instytutu Łączności!

Rasprostranenie radiovoln / (Rekord nr 14320)

000 -LEADER
fixed length control field 00280 a2200097 4500
100 1# - MAIN ENTRY--PERSONAL NAME
Personal name Cernyj, F.B..
Relator term Autor
245 0# - TITLE STATEMENT
Title Rasprostranenie radiovoln /
Statement of responsibility, etc Cernyj F.B..
250 ## - EDITION STATEMENT
Edition statement Izd.2.
260 ## - PUBLICATION, DISTRIBUTION, ETC. (IMPRINT)
Place of publication, distribution, etc Moskva :
Name of publisher, distributor, etc Sovetskoe Radio,
Date of publication, distribution, etc 1972.
300 ## - PHYSICAL DESCRIPTION
Extent 462 s.;
Dimensions 24 cm.
710 2# - ADDED ENTRY--CORPORATE NAME
Corporate name or jurisdiction name as entry element Sovetskoe Radio.
Relator term Wydawca
Relator code pbl

Brak dostępnych egzemplarzy.

Działa dzięki Koha